| 000 | 00592cam a2200145ua 4500 | ||
|---|---|---|---|
| 041 |
_aeng _h |
||
| 082 |
_a823.301 _bLON/MO |
||
| 110 | 1 |
_aLongmans . _b _c() |
|
| 245 |
_aMouse and the Moon - Set Five / _cLongmans. _hTextual Documents |
||
| 260 |
_a : _bLongmans , _c1962. |
||
| 300 | _a24 ; . | ||
| 504 | _a | ||
| 942 | _cBK | ||
| 999 |
_c3374 _d3374 |
||